• 首页
  • 本馆介绍
  • 公告通知
  • 最新文献
  • 馆藏检索
  • 电子资源
  • 读者导购
  • 参考咨询
  • 我的图书馆
  • 登录
  • 详细信息显示
  • 放入我的书架
  • 预约/预借图书
  • 作者相关作品
  • 分类相关作品
  • 丛书相关作品
  • 出版社相关作品

书目信息

  • 表格格式
  • 工作单格式
  • 卡片格式
书名: Mind on statistics
作者: Jessica M. Utts, Robert F. Heckard.
分册号:
分册名:
出版地: Pacific Grove, CA :
 
出版社: Duxbury/Thomson Learning
出版时间: c2002.
页数: xxi, 568 p. :
开本: 27 cm. +
丛书名:
中图分类号:
科图分类号:
其他分类号: O212-43
主题词:
电子资源:
000 00886cam 2200253 a 4500
001 E0732043981
005 20070320044250.78
008 010308s2002 caua b 001 0 eng
010    @a 2001025660
020    @a0534359353.
040    @aDLC@cDLC@dDLC
050 00 @aQA276.12@b.U78 2002
082 00 @a519.5 @2 21
090    @aO212-43
099    @dO212-43@ex4
100 1  @aUtts, Jessica M.,@d1951-
245 10 @aMind on statistics / @cJessica M. Utts, Robert F. Heckard.
260    @aPacific Grove, CA :@bDuxbury/Thomson Learning,@cc2002.
300    @axxi, 568 p. :@bcol. ill. ;@c27 cm. +@e1 CD-ROM (4 3/4 in.).
504    @aIncludes bibliographical references and index.
538    @aSystem requirements for accompanying computer disc: Windows 95,98,2000 & NT ; Mac OS 8 or higher.
650  0 @aStatistics.
700 1  @aHeckard, R. F.
920    @a232010@z2
    
    Mind on statistics / / Jessica M. Utts, Robert F. Heckard.-Pacific Grove, CA : : Duxbury/Thomson Learning, , c2002.
    xxi, 568 p. : : col. ill. ; ; 27 cm. + + 1 CD-ROM (4 3/4 in.).
    Includes bibliographical references and index.-System requirements for accompanying computer disc: Windows 95,98,2000 & NT ; Mac OS 8 or higher.
    
    ISBN 0534359353.
    
●
相关链接 在E读中查询图书 在五车中查询图书 在当当中查询图书 在豆瓣中查询图书


正题名:Mind on statistics     索取号:O212-43/x4         预约/预借

序号 登录号 条形码 馆藏地/架位号 状态 备注
1 0002964   300029644   第二样本阅览室/ [索取号:O212-43/x4] 在馆    
2 0003171   300031711   第四借阅区/ [索取号:O212-43/x4] 在馆    
3 0003172   300031720   第四借阅区/ [索取号:O212-43/x4] 在馆    
唐山师范学院图书馆 欢迎您!
大连网信软件有限公司© 版权所有